| 000 | 00367 a2200133 4500 | ||
|---|---|---|---|
| 005 | 20250702083555.0 | ||
| 020 | _a978-1-847-94513-6 | ||
| 082 | _a658 SHA | ||
| 100 | _aSHARPE, J. | ||
| 245 | _aA Fiery & Furious People A History of Violence in England, | ||
| 260 |
_aLondon, _bRandom House, _c2016. |
||
| 300 |
_avii.; 751p.; picture, _bIndex, _c24cm. |
||
| 942 |
_2ddc _cBKS |
||
| 999 |
_c6570 _d6570 |
||